Ιμπρεσιονισμός

Αποθηκεύτηκε σε:
Λεπτομέρειες βιβλιογραφικής εγγραφής
Κύριος συγγραφέας: Rubin, James Henry
Μορφή: Βιβλίο
Γλώσσα:Greek
English
Δημοσίευση: Αθήνα : Καστανιώτης, 1999.
Σειρά:Τέχνη και ιδέες (Καστανιώτης)
Θέματα:
Ετικέτες: Προσθήκη ετικέτας
Δεν υπάρχουν, Καταχωρήστε ετικέτα πρώτοι!

MARC

LEADER 00000cam a2200000 i 4500
001 1/35113
008 030408s1999 gr | ||| |||| ||gre||
020 |a 9600326533 
035 |l 10069823 
040 |a GR-MyUa  |b gre  |e AACR2 
041 1 |a gre  |h eng 
082 7 |a 759.054   |2 (21) 
100 1 |a Rubin, James Henry. 
245 1 0 |a Ιμπρεσιονισμός /   |c Τζαίημς Χ. Ρούμπιν ; μετάφραση Γιώτα Ποταμιάνου.  
260 |a Αθήνα :   |b Καστανιώτης,   |c 1999.  
300 |a 447 σ. :   |b έγχρ. εικ. ;   |c 22 εκ. 
490 1 |a (Τέχνη και ιδέες / Καστανιώτης) 
500 |a Τίτλος πρωτοτύπου: Impressionism.  
504 |a Βιβλιογραφία: σ. 438-440. Ευρετήριο. 
650 0 |a Impressionism (Art) 
650 0 |a Impressionism (Art)  |z France. 
650 0 |a Painting, French  |y 19th century. 
830 0 |a Τέχνη και ιδέες (Καστανιώτης) 
852 |a INST  |b LESVOS  |e 20050803  |h 759.054 RUB  |p 005100031755  |q 005100031755  |t BK  |y 0 
852 |a INST  |b LESVOS  |e 20100528  |h 759.054 RUB  |p 005100047413  |q 005100047413  |t BK  |y 4  |x 20220107 
852 |a INST  |b LESVOS  |e 20110826  |h 759.054 RUB  |p 005100049890  |q 005100049890  |t BK  |y 0 
852 |a INST  |b SYROS  |e 20030408  |h 759.054 RUB  |p 005500002495  |q 005500002495  |t BK  |y 0 
901 |a BIBL5-2003-1 
901 |a BIBL1-2005-2 
901 |a BIBL1-2011-2 
920 |a Φοιτητική Μέριμνα  |y Λέσβος  |z 2004-07 
920 |a Φοιτητική Μέριμνα  |y Λέσβος  |z 2011-08 
920 |a Φοιτητική Μέριμνα  |y Λέσβος  |z 2011-08 
970 |a Μανωλαράκη  |b Μαρία  |z 08/04/2003